[Event "2. Bundesliga Ost 2009/2010"]
[Site "17+18.10Zwettl14+15.11Poechlarn"]
[Date "2009.10.18"]
[Round "2"]
[Board "4"]
[White "Wiedner, Robert"]
[Black "Weinzettl, Ernst"]
[Result "1/2-1/2"]
[WhiteElo "2199"]
[BlackElo "2278"]
[PlyCount "38"]
[EventDate "2009.10.17"]
[EventType "team"]
[EventRounds "11"]
[EventCountry "AUT"]
[WhiteTeam "1. Wr. Neustaedter SV"]
[BlackTeam "ASVOE VHS Poechlarn"]

1.d4 Nf6 2.c4 e6 3.g3 d5 4.Bg2 Bb4+ 5.Bd2 Be7 6.Nf3 O-O 7.Nc3 c5 8.cxd5 exd5
9.O-O Nc6 10.Bg5 cxd4 11.Nxd4 h6 12.Bxf6 Bxf6 13.e3 Nxd4 14.exd4 Be6 15.Qb3 Bxd4
16.Rad1 Bxc3 17.bxc3 Qc7 18.Bxd5 Bxd5 19.Rxd5 Rac8

[Event "2. Bundesliga Ost 2009/2010"]
[Site "17+18.10Zwettl14+15.11Poechlarn"]
[Date "2009.10.18"]
[Round "2"]
[Board "5"]
[White "Loidl, Florian"]
[Black "Ligezinski, Martin"]
[Result "1-0"]
[WhiteElo "2239"]
[BlackElo "2140"]
[PlyCount "55"]
[EventDate "2009.10.17"]
[EventType "team"]
[EventRounds "11"]
[EventCountry "AUT"]
[WhiteTeam "ASVOE VHS Poechlarn"]
[BlackTeam "1. Wr. Neustaedter SV"]

1.d4 e6 2.e4 d5 3.Nd2 dxe4 4.Nxe4 Bd7 5.Nf3 Bc6 6.Bd3 Nd7 7.O-O Bxe4 8.Bxe4 c6
9.c4 Ngf6 10.Bc2 Be7 11.Bf4 Nf8 12.Qe2 Ng6 13.Bg3 O-O 14.Rad1 Qa5 15.Ne5 Qxa2
16.b3 Qa5 17.h4 Rfe8 18.h5 Nf8 19.h6 Ng6 20.hxg7 Kxg7 21.Qf3 Rad8 22.Bf4 Qb6
23.Be3 Qc7 24.Qg3 Bd6 25.Bg5 Bxe5 26.dxe5 Qxe5 27.Rxd8 Rxd8 28.Bxg6

[Event "2. Bundesliga Ost 2009/2010"]
[Site "17+18.10Zwettl14+15.11Poechlarn"]
[Date "2009.10.18"]
[Round "2"]
[Board "6"]
[White "Roman, Liviu-Valeriu"]
[Black "Steinmueller, Guenther"]
[Result "1/2-1/2"]
[WhiteElo "2009"]
[BlackElo "2207"]
[PlyCount "83"]
[EventDate "2009.10.17"]
[EventType "team"]
[EventRounds "11"]
[EventCountry "AUT"]
[WhiteTeam "1. Wr. Neustaedter SV"]
[BlackTeam "ASVOE VHS Poechlarn"]

1.e4 e5 2.Nf3 Nc6 3.d4 exd4 4.Bc4 Nf6 5.e5 d5 6.Bb5 Ne4 7.Nxd4 Bd7 8.Bxc6 bxc6
9.O-O Bc5 10.f3 Ng5 11.f4 Ne4 12.Be3 Qe7 13.c3 O-O 14.Nd2 Nxd2 15.Qxd2 f6 16.Nf3
Bg4 17.Bxc5 Qxc5+ 18.Qd4 Qb5 19.exf6 Rxf6 20.Ne5 Bf5 21.Rf2 a5 22.Rc1 Qb6 23.g3
Rd8 24.Rd2 c5 25.Qf2 Rfd6 26.Rcd1 a4 27.b3 axb3 28.axb3 Qa5 29.Qe3 Qa7 30.Qf2
Qb6 31.h4 Be4 32.Kh2 Rb8 33.Qe3 h6 34.Nc4 dxc4 35.Rxd6 cxd6 36.Qxe4 cxb3 37.Qe6+
Kh8 38.Rxd6 Qb5 39.Qe5 Kg8 40.Qe6+ Kh8 41.Qe5 Kh7 42.Qf5+

[Event "2. Bundesliga Ost 2009/2010"]
[Site "17+18.10Zwettl14+15.11Poechlarn"]
[Date "2009.10.18"]
[Round "2"]
[Board "1"]
[White "Antoniewski, Rafal"]
[Black "Zilka, Stepan"]
[Result "1-0"]
[WhiteElo "2558"]
[BlackElo "2485"]
[PlyCount "131"]
[EventDate "2009.10.17"]
[EventType "team"]
[EventRounds "11"]
[EventCountry "AUT"]
[WhiteTeam "ASVOE SK Mattersburg"]
[BlackTeam "Blackburne Nickelsdorf"]

1.e4 e5 2.Nf3 Nc6 3.Bb5 a6 4.Bxc6 dxc6 5.O-O f6 6.d4 exd4 7.Nxd4 c5 8.Ne2 Qxd1
9.Rxd1 Bd7 10.Nbc3 Ne7 11.Be3 Nc6 12.Bf4 O-O-O 13.Nd5 Ne5 14.Nec3 Be6 15.Bg3 Bd6
16.Ne3 Rhe8 17.Rd2 Nc4 18.Nxc4 Bxg3 19.hxg3 Bxc4 20.Rad1 Rxd2 21.Rxd2 b5 22.f3
c6 23.b3 Bf7 24.Nd1 c4 25.b4 Kc7 26.a3 a5 27.Kf2 axb4 28.axb4 Be6 29.c3 c5
30.bxc5 Kc6 31.Ne3 Kxc5 32.Ra2 Rd8 33.Ke2 Kb6 34.Nc2 Bc8 35.Nb4 Bb7 36.g4 Rh8
37.Ke3 h5 38.gxh5 Rxh5 39.Ra1 Rh2 40.Kf2 Rh8 41.Ke3 Re8 42.g4 Rh8 43.Rd1 Kc7
44.Nc2 Bc6 45.Nd4 Bd7 46.Ra1 Kb6 47.Nc2 Rh3 48.Rg1 Ka5 49.g5 Ka4 50.gxf6 gxf6
51.Rg7 Be8 52.Rg8 Bd7 53.Rg7 Be8 54.Re7 Rh8 55.Nd4 Ka3 56.Ra7+ Kb2 57.Ra8 Kxc3
58.Nxb5+ Kb2 59.Rb8 c3 60.Kd3 Bxb5+ 61.Rxb5+ Kc1 62.Kxc3 Kd1 63.Kd3 Ke1 64.Ke3
Kf1 65.Rf5 Rh6 66.Kd4

[Event "2. Bundesliga Ost 2009/2010"]
[Site "17+18.10Zwettl14+15.11Poechlarn"]
[Date "2009.10.18"]
[Round "2"]
[Board "2"]
[White "Pinter, Erik"]
[Black "Cvek, Robert"]
[Result "0-1"]
[WhiteElo "2416"]
[BlackElo "2518"]
[PlyCount "114"]
[EventDate "2009.10.17"]
[EventType "team"]
[EventRounds "11"]
[EventCountry "AUT"]
[WhiteTeam "Blackburne Nickelsdorf"]
[BlackTeam "ASVOE SK Mattersburg"]

1.e4 c5 2.Nc3 e6 3.f4 a6 4.Nf3 d5 5.d3 Nc6 6.g3 dxe4 7.Nxe4 Be7 8.Bg2 Nf6
9.Nxf6+ Bxf6 10.c3 Qc7 11.Be3 Be7 12.Qd2 b6 13.O-O Bb7 14.Qf2 O-O 15.Rad1 Rac8
16.d4 cxd4 17.Nxd4 Nxd4 18.Bxd4 Bxg2 19.Kxg2 b5 20.h4 Rfd8 21.a3 h5 22.Kh2 Rd5
23.Bb6 Qc6 24.Rxd5 Qxd5 25.Qf3 Qxf3 26.Rxf3 Rc6 27.Bd4 f6 28.Kh3 Kf7 29.g4 hxg4+
30.Kxg4 f5+ 31.Kh3 Rd6 32.Rf2 Bf6 33.Bxf6 Kxf6 34.h5 Rd3+ 35.Kg2 e5 36.fxe5+
Kxe5 37.Re2+ Kf4 38.Re7 Rg3+ 39.Kf2 Rg5 40.h6 gxh6 41.Re6 h5 42.Rxa6 h4 43.Rh6
Kg4 44.Rb6 f4 45.Rb8 h3 46.b3 h2 47.Rh8 Rc5 48.c4 bxc4 49.bxc4 Rxc4 50.Rxh2 Rc2+
51.Kg1 Rc1+ 52.Kf2 Rc2+ 53.Kg1 Rc3 54.Kf2 Rf3+ 55.Ke2 Rxa3 56.Rg2+ Rg3 57.Kf2
Kh3

[Event "2. Bundesliga Ost 2009/2010"]
[Site "17+18.10Zwettl14+15.11Poechlarn"]
[Date "2009.10.18"]
[Round "2"]
[Board "3"]
[White "Petran, Peter"]
[Black "Vlcek, Stanislav"]
[Result "1/2-1/2"]
[WhiteElo "2361"]
[BlackElo "2286"]
[PlyCount "126"]
[EventDate "2009.10.17"]
[EventType "team"]
[EventRounds "11"]
[EventCountry "AUT"]
[WhiteTeam "ASVOE SK Mattersburg"]
[BlackTeam "Blackburne Nickelsdorf"]

1.Nf3 Nf6 2.g3 g6 3.Bg2 Bg7 4.c4 d6 5.d4 O-O 6.O-O Nbd7 7.d5 Nc5 8.Nd4 a5 9.Nc3
Re8 10.Bg5 h6 11.Bf4 Bd7 12.Qd2 g5 13.Be3 Ng4 14.Rac1 Nxe3 15.Qxe3 e5 16.dxe6
Nxe6 17.Nxe6 Bxe6 18.Qd3 c6 19.b3 Qe7 20.Rfd1 Rad8 21.e3 Bg4 22.Rd2 Qe5 23.Qf1
Kh8 24.Ne2 f5 25.Nd4 f4 26.exf4 gxf4 27.Qd3 Qf6 28.h3 Bc8 29.g4 h5 30.Bf3 Re5
31.Kg2 Rg5 32.Rh1 Bh6 33.Kf1 Re8 34.Ne2 Bf8 35.Qd4 Rge5 36.Kg2 Be7 37.Qxf4 Qg7
38.Qd4 Rf8 39.Ng3 h4 40.Nf1 Qf6 41.Nh2 Kg8 42.Rf1 Qg5 43.Kh1 Re6 44.Bg2 Bf6
45.f4 Bxd4 46.fxg5 Be3 47.Rxf8+ Kxf8 48.Re2 Bxg5 49.Rxe6 Bxe6 50.Be4 d5 51.cxd5
cxd5 52.Bd3 d4 53.Be4 b5 54.Nf3 Bf6 55.Bc6 b4 56.Kg2 Ke7 57.Kf2 Kd6 58.Be8 Kd5
59.Ke2 Ke4 60.Bc6+ Kf4 61.Kd3 Bd7 62.Nxd4 Bxd4 63.Bxd7 Bf6

[Event "2. Bundesliga Ost 2009/2010"]
[Site "17+18.10Zwettl14+15.11Poechlarn"]
[Date "2009.10.18"]
[Round "2"]
[Board "4"]
[White "Koffler, Daniel"]
[Black "Riedner, Martin"]
[Result "1/2-1/2"]
[WhiteElo "2236"]
[BlackElo "2189"]
[PlyCount "41"]
[EventDate "2009.10.17"]
[EventType "team"]
[EventRounds "11"]
[EventCountry "AUT"]
[WhiteTeam "Blackburne Nickelsdorf"]
[BlackTeam "ASVOE SK Mattersburg"]

1.d4 c5 2.dxc5 e6 3.Nc3 Nf6 4.e4 Qa5 5.Bd2 Qxc5 6.Bd3 Nc6 7.Nf3 Be7 8.O-O O-O
9.Qe2 d6 10.Rfe1 Bd7 11.Rad1 Rad8 12.a3 Ne5 13.Nxe5 dxe5 14.Nb1 Qc7 15.Bc3 Bc5
16.Nd2 Bc6 17.Nc4 Nd7 18.Na5 Ba4 19.Nc4 Bc6 20.Na5 Ba4 21.Nc4

[Event "2. Bundesliga Ost 2009/2010"]
[Site "17+18.10Zwettl14+15.11Poechlarn"]
[Date "2009.10.18"]
[Round "2"]
[Board "5"]
[White "Brod, Manfred"]
[Black "Bachofner, Andreas"]
[Result "1/2-1/2"]
[WhiteElo "2165"]
[BlackElo "2229"]
[PlyCount "67"]
[EventDate "2009.10.17"]
[EventType "team"]
[EventRounds "11"]
[EventCountry "AUT"]
[WhiteTeam "ASVOE SK Mattersburg"]
[BlackTeam "Blackburne Nickelsdorf"]

1.e4 e6 2.d4 d5 3.Nc3 Bb4 4.e5 b6 5.a3 Bf8 6.Bb5+ c6 7.Ba4 Ne7 8.Nce2 Nd7 9.c3
a5 10.Bc2 Qc7 11.f4 c5 12.Nf3 g6 13.O-O Ba6 14.g4 h5 15.h3 hxg4 16.hxg4 Nc6
17.Be3 Be7 18.f5 gxf5 19.gxf5 O-O-O 20.Rf2 Rdg8+ 21.Rg2 Ndxe5 22.dxe5 Nxe5
23.Ng3 Ng4 24.Bf2 Nxf2 25.Kxf2 Bh4 26.Nxh4 Rxh4 27.Qe1 Qf4+ 28.Kg1 Rhg4 29.Kh2
Qh6+ 30.Kg1 Qg5 31.fxe6 fxe6 32.Qxe6+ Kb7 33.Ba4 Ka7 34.Rf1

[Event "2. Bundesliga Ost 2009/2010"]
[Site "17+18.10Zwettl14+15.11Poechlarn"]
[Date "2009.10.18"]
[Round "2"]
[Board "6"]
[White "Bachofner, Christian"]
[Black "Salamon, Werner"]
[Result "1/2-1/2"]
[WhiteElo "2072"]
[BlackElo "2130"]
[PlyCount "60"]
[EventDate "2009.10.17"]
[EventType "team"]
[EventRounds "11"]
[EventCountry "AUT"]
[WhiteTeam "Blackburne Nickelsdorf"]
[BlackTeam "ASVOE SK Mattersburg"]

1.d4 Nf6 2.Nf3 e6 3.e3 d5 4.Bd3 Be7 5.O-O O-O 6.Nbd2 b6 7.Qe2 Bb7 8.e4 dxe4
9.Nxe4 Nxe4 10.Bxe4 Bxe4 11.Qxe4 Qd5 12.Qxd5 exd5 13.Bf4 Bd6 14.Bxd6 cxd6
15.Rfe1 Nc6 16.c3 Rfe8 17.Kf1 Kf8 18.Rxe8+ Rxe8 19.Re1 Rc8 20.Ke2 b5 21.a3 Na5
22.Nd2 Re8+ 23.Kd1 Rxe1+ 24.Kxe1 Nc4 25.Nxc4 dxc4 26.Ke2 Ke7 27.Ke3 Ke6 28.Ke4
d5+ 29.Kf4 Kf6 30.Kg4 g6

[Event "2. Bundesliga Ost 2009/2010"]
[Site "17+18.10Zwettl14+15.11Poechlarn"]
[Date "2009.10.18"]
[Round "2"]
[Board "1"]
[White "Plachetka, Jan"]
[Black "Loeffler, Stefan"]
[Result "1/2-1/2"]
[WhiteElo "2379"]
[BlackElo "2416"]
[PlyCount "44"]
[EventDate "2009.10.17"]
[EventType "team"]
[EventRounds "11"]
[EventCountry "AUT"]
[WhiteTeam "Austria Wien"]
[BlackTeam "SK Advisory Invest Baden"]

1.d4 Nf6 2.Nf3 c6 3.Bg5 Ne4 4.Bf4 Qb6 5.Nc3 d5 6.e3 Bf5 7.Nxe4 Bxe4 8.Bd3 Bxd3
9.Qxd3 Nd7 10.O-O e6 11.c4 Qa6 12.b3 Ba3 13.Qc2 O-O 14.Rab1 Rfe8 15.h3 Bf8 16.a4
dxc4 17.bxc4 c5 18.Rb5 Qc6 19.Qb3 cxd4 20.exd4 b6 21.a5 Rec8 22.Rc1 Bd6

[Event "2. Bundesliga Ost 2009/2010"]
[Site "17+18.10Zwettl14+15.11Poechlarn"]
[Date "2009.10.18"]
[Round "2"]
[Board "3"]
[White "Vokroj, Rene"]
[Black "Bawart, Markus"]
[Result "0-1"]
[WhiteElo "2323"]
[BlackElo "2399"]
[PlyCount "66"]
[EventDate "2009.10.17"]
[EventType "team"]
[EventRounds "11"]
[EventCountry "AUT"]
[WhiteTeam "Austria Wien"]
[BlackTeam "SK Advisory Invest Baden"]

1.e4 d5 2.Nc3 d4 3.Nce2 c5 4.Ng3 Nc6 5.Nf3 g6 6.Bc4 Bg7 7.O-O Nf6 8.Ng5 O-O 9.f4
a6 10.a4 Bg4 11.Be2 Bxe2 12.Qxe2 d3 13.Qxd3 Qxd3 14.cxd3 Nb4 15.Ra3 Rfd8 16.e5
Ne8 17.Rf3 Rd5 18.Ne2 Nc7 19.Ne4 Ne6 20.Rb3 b6 21.a5 bxa5 22.Ra3 Nd4 23.Nxd4
cxd4 24.Rf1 Rc8 25.Kf2 f6 26.exf6 exf6 27.Kf3 f5 28.Nf2 Bf8 29.Ra1 Rb5 30.Ra4
Rbc5 31.Ra1 Rc2 32.Ke2 a4 33.b3 Na2

[Event "2. Bundesliga Ost 2009/2010"]
[Site "17+18.10Zwettl14+15.11Poechlarn"]
[Date "2009.10.18"]
[Round "2"]
[Board "4"]
[White "Brandner, Stefan"]
[Black "Liedl, Wolfgang"]
[Result "1-0"]
[WhiteElo "2283"]
[BlackElo "2211"]
[PlyCount "61"]
[EventDate "2009.10.17"]
[EventType "team"]
[EventRounds "11"]
[EventCountry "AUT"]
[WhiteTeam "SK Advisory Invest Baden"]
[BlackTeam "Austria Wien"]

1.e4 e5 2.Nf3 Nc6 3.Bc4 d6 4.d4 exd4 5.Nxd4 g6 6.Nc3 Bg7 7.Be3 Nxd4 8.Bxd4 Bxd4
9.Qxd4 Qf6 10.Qe3 Be6 11.Bb5+ Kf8 12.O-O-O Kg7 13.h4 h5 14.Be2 a6 15.f4 Nh6
16.Nd5 Bxd5 17.Rxd5 Rhe8 18.Rg5 Nf5 19.Qf2 Rxe4 20.Bd3 d5 21.Bxe4 dxe4 22.g4
hxg4 23.Rxg4 Rd8 24.h5 e3 25.Qf3 Qe6 26.hxg6 Qxa2 27.Rh7+ Kg8 28.gxf7+ Kxh7
29.Qh1+ Nh6 30.Qe4+ Kh8 31.Qe5+

[Event "2. Bundesliga Ost 2009/2010"]
[Site "17+18.10Zwettl14+15.11Poechlarn"]
[Date "2009.10.18"]
[Round "2"]
[Board "5"]
[White "Rogetzer, Klaus"]
[Black "Sulyok, Michael"]
[Result "0-1"]
[WhiteElo "2073"]
[BlackElo "2240"]
[PlyCount "82"]
[EventDate "2009.10.17"]
[EventType "team"]
[EventRounds "11"]
[EventCountry "AUT"]
[WhiteTeam "Austria Wien"]
[BlackTeam "SK Advisory Invest Baden"]

1.d4 f5 2.g3 Nf6 3.Bg2 g6 4.Nf3 Bg7 5.O-O O-O 6.c4 d6 7.Nc3 Qe8 8.d5 a5 9.Be3
Na6 10.Rb1 Bd7 11.Qd2 Ng4 12.Bd4 Bh6 13.e3 c5 14.dxc6 bxc6 15.Bb6 Nb4 16.a3 Qb8
17.c5 Na6 18.b4 axb4 19.axb4 Nf6 20.Nd4 dxc5 21.bxc5 Qe8 22.Qa2+ Kh8 23.Ra1 e5
24.Nc2 Nc7 25.Qc4 Rxa1 26.Rxa1 Ne6 27.Qd3 e4 28.Qd6 Rf7 29.Ra5 Bf8 30.Qe5 Bg7
31.Qd6 Ng4 32.Na4 Ne5 33.Ra7 Nd3 34.Rb7 Be5 35.Rxd7 Qxd7 36.Qxd7 Rxd7 37.Na3 Rd5
38.f3 Ndxc5 39.Nxc5 Nxc5 40.Nc4 Bf6 41.fxe4 Nxe4

[Event "2. Bundesliga Ost 2009/2010"]
[Site "17+18.10Zwettl14+15.11Poechlarn"]
[Date "2009.10.18"]
[Round "2"]
[Board "6"]
[White "Herndlbauer, Martin"]
[Black "Steiner, Johann"]
[Result "1-0"]
[WhiteElo "2156"]
[BlackElo "2065"]
[PlyCount "53"]
[EventDate "2009.10.17"]
[EventType "team"]
[EventRounds "11"]
[EventCountry "AUT"]
[WhiteTeam "SK Advisory Invest Baden"]
[BlackTeam "Austria Wien"]

1.e4 d5 2.exd5 Qxd5 3.Nc3 Qa5 4.d4 Nf6 5.Bc4 Bf5 6.Bd2 c6 7.Nd5 Qd8 8.Nxf6+ exf6
9.Bf4 Be7 10.Nf3 O-O 11.O-O Bd6 12.Bxd6 Qxd6 13.Re1 Nd7 14.Qe2 Nb6 15.Bb3 Rad8
16.Qe7 Qb8 17.h3 Nd5 18.Qc5 Qf4 19.c4 b6 20.Qxc6 Nb4 21.Qb5 Nd3 22.Re3 Nxb2
23.g3 a6 24.Qxb6 Qh6 25.h4 Bg4 26.Rae1 Bxf3 27.Qxd8

[Event "2. Bundesliga Ost 2009/2010"]
[Site "17+18.10Zwettl14+15.11Poechlarn"]
[Date "2009.10.18"]
[Round "2"]
[Board "1"]
[White "Denk, Adolf"]
[Black "Froschauer, Hans"]
[Result "1/2-1/2"]
[WhiteElo "2257"]
[BlackElo "2126"]
[PlyCount "48"]
[EventDate "2009.10.17"]
[EventType "team"]
[EventRounds "11"]
[EventCountry "AUT"]
[WhiteTeam "SK St. Poelten"]
[BlackTeam "ASVOE Pamhagen"]

1.d4 g6 2.Nf3 Bg7 3.g3 d6 4.Bg2 Nf6 5.O-O O-O 6.b3 c6 7.Bb2 Qc7 8.Nbd2 Nbd7 9.e4
e5 10.Re1 Re8 11.a4 b6 12.a5 Ba6 13.axb6 axb6 14.c4 c5 15.dxe5 dxe5 16.Nb1 Nb8
17.Nc3 Nc6 18.Nd5 Qb8 19.Ra4 Nd4 20.Bc1 Ra7 21.Nxd4 cxd4 22.f4 Nxd5 23.exd5 b5
24.cxb5 Bxb5

[Event "2. Bundesliga Ost 2009/2010"]
[Site "17+18.10Zwettl14+15.11Poechlarn"]
[Date "2009.10.18"]
[Round "2"]
[Board "2"]
[White "Orlovic, Veljko"]
[Black "Sadilek, Maximilian"]
[Result "1-0"]
[WhiteElo "2122"]
[BlackElo "2207"]
[PlyCount "77"]
[EventDate "2009.10.17"]
[EventType "team"]
[EventRounds "11"]
[EventCountry "AUT"]
[WhiteTeam "ASVOE Pamhagen"]
[BlackTeam "SK St. Poelten"]

1.e4 c5 2.Nf3 Nc6 3.d4 cxd4 4.Nxd4 Nf6 5.Nc3 e5 6.Nxc6 bxc6 7.Bc4 Bb4 8.O-O O-O
9.Bg5 h6 10.Bh4 d6 11.f3 Be6 12.Bb3 a5 13.Na4 g5 14.Bf2 Bxb3 15.axb3 d5 16.c3
Be7 17.exd5 cxd5 18.Qe2 Bd6 19.Rfd1 Rb8 20.Qc2 Qc7 21.h4 Rfe8 22.hxg5 hxg5
23.Qf5 Re6 24.Qxg5+ Kf8 25.Qe3 e4 26.Nc5 Bxc5 27.Qxc5+ Qxc5 28.Bxc5+ Kg7 29.Rd2
Rxb3 30.Rxa5 exf3 31.gxf3 Re1+ 32.Kf2 Rb1 33.Bd4 R3xb2 34.Rxb2 Rxb2+ 35.Ke3 Rb7
36.Rxd5 Rb6 37.Rg5+ Kh6 38.Bxb6 Kxg5 39.Bd8

[Event "2. Bundesliga Ost 2009/2010"]
[Site "17+18.10Zwettl14+15.11Poechlarn"]
[Date "2009.10.18"]
[Round "2"]
[Board "3"]
[White "Steiner, Bruno"]
[Black "Bozinovic, Boban"]
[Result "1-0"]
[WhiteElo "2184"]
[BlackElo "2104"]
[PlyCount "83"]
[EventDate "2009.10.17"]
[EventType "team"]
[EventRounds "11"]
[EventCountry "AUT"]
[WhiteTeam "SK St. Poelten"]
[BlackTeam "ASVOE Pamhagen"]

1.c4 b6 2.Nc3 Bb7 3.e4 d6 4.g3 g6 5.Bg2 Bg7 6.Nge2 c5 7.d3 Nf6 8.Rb1 O-O 9.O-O
Nc6 10.a3 Nd4 11.Nxd4 cxd4 12.Nd5 e6 13.Nxf6+ Bxf6 14.Bd2 Qc7 15.Qe2 Bg7 16.Rbe1
e5 17.f4 f5 18.Rf2 Rf7 19.Ref1 fxe4 20.Bxe4 Bxe4 21.Qxe4 Qb7 22.Qxb7 Rxb7 23.Kg2
Re8 24.fxe5 dxe5 25.Kf3 Kf7 26.Ke4+ Ke6 27.Bg5 h6 28.Bf6 Rf8 29.Bxg7 Rxf2
30.Rxf2 Rxg7 31.Rf8 Re7 32.b4 h5 33.h4 Kd7 34.Rg8 Re6 35.Rg7+ Kc8 36.Rxa7 Rf6
37.Rg7 Rf1 38.Rxg6 Re1+ 39.Kd5 e4 40.Re6 e3 41.Kxd4 e2 42.Ke3

[Event "2. Bundesliga Ost 2009/2010"]
[Site "17+18.10Zwettl14+15.11Poechlarn"]
[Date "2009.10.18"]
[Round "2"]
[Board "4"]
[White "Galavics, Hermann"]
[Black "Juenger, Heinz"]
[Result "1/2-1/2"]
[WhiteElo "2041"]
[BlackElo "2086"]
[PlyCount "60"]
[EventDate "2009.10.17"]
[EventType "team"]
[EventRounds "11"]
[EventCountry "AUT"]
[WhiteTeam "ASVOE Pamhagen"]
[BlackTeam "SK St. Poelten"]

1.d4 Nf6 2.c4 c5 3.d5 b5 4.cxb5 a6 5.bxa6 Bxa6 6.Nc3 d6 7.Nf3 g6 8.e4 Bxf1
9.Kxf1 Bg7 10.g3 Nbd7 11.h3 O-O 12.Kg2 Qa5 13.Re1 Rfb8 14.Re2 Ne8 15.Rc2 Nc7
16.a3 Qa6 17.Qf1 e6 18.Qxa6 Rxa6 19.dxe6 fxe6 20.Bf4 Nb5 21.Nxb5 Rxb5 22.Rd1
Rxb2 23.Rxb2 Bxb2 24.Bxd6 Rxa3 25.e5 Ra7 26.Rd2 Rb7 27.Rc2 Rb5 28.Kf1 h6 29.Kg2
Kf7 30.Kf1 Ke8

[Event "2. Bundesliga Ost 2009/2010"]
[Site "17+18.10Zwettl14+15.11Poechlarn"]
[Date "2009.10.18"]
[Round "2"]
[Board "5"]
[White "Sekyra, Michael"]
[Black "Rusek, Walter"]
[Result "1/2-1/2"]
[WhiteElo "2155"]
[BlackElo "1849"]
[PlyCount "71"]
[EventDate "2009.10.17"]
[EventType "team"]
[EventRounds "11"]
[EventCountry "AUT"]
[WhiteTeam "SK St. Poelten"]
[BlackTeam "ASVOE Pamhagen"]

1.e4 e6 2.d4 d5 3.Nd2 dxe4 4.Nxe4 Bd7 5.Bd3 Bc6 6.Nf3 Nd7 7.O-O Ngf6 8.Qe2 Nxe4
9.Bxe4 Bxe4 10.Qxe4 c6 11.Bf4 Nf6 12.Qe2 Be7 13.Rad1 O-O 14.c4 Re8 15.Ne5 Nd7
16.Rd3 Nxe5 17.Bxe5 Bf6 18.Rg3 Bxe5 19.dxe5 Qe7 20.Qd2 Qf8 21.Rd1 Red8 22.Rd3
Rxd3 23.Qxd3 Qe8 24.Qd7 Qxd7 25.Rxd7 Rb8 26.f4 Kf8 27.Kf2 a6 28.Ke3 c5 29.Rc7 b6
30.Ra7 b5 31.cxb5 Rxb5 32.b3 Ra5 33.a4 c4 34.bxc4 Rxa4 35.Kd4 g6 36.Ra8+

[Event "2. Bundesliga Ost 2009/2010"]
[Site "17+18.10Zwettl14+15.11Poechlarn"]
[Date "2009.11.14"]
[Round "3"]
[Board "1"]
[White "Froschauer, Hans"]
[Black "Wukits, Rene"]
[Result "1/2-1/2"]
[WhiteElo "2126"]
[BlackElo "2331"]
[PlyCount "154"]
[EventDate "2009.10.17"]
[EventType "team"]
[EventRounds "11"]
[EventCountry "AUT"]
[WhiteTeam "ASVOE Pamhagen"]
[BlackTeam "SV Tschaturanga Neubau"]

1.e4 e5 2.Bc4 Nf6 3.d3 Bc5 4.Nf3 Nc6 5.O-O d6 6.c3 O-O 7.b4 Bb6 8.a4 a5 9.b5 Ne7
10.Bg5 Ng6 11.Nh4 Nxh4 12.Bxh4 h6 13.Nd2 g5 14.Bg3 Bg4 15.Qc2 c6 16.bxc6 bxc6
17.Bb3 Nh5 18.Nc4 Bc5 19.Ne3 Bd7 20.Rab1 Rb8 21.Qd1 Nxg3 22.hxg3 Qf6 23.Qe2 Kg7
24.Rfd1 Rb7 25.Ba2 Rfb8 26.Rxb7 Rxb7 27.Rb1 Rxb1+ 28.Bxb1 Bxe3 29.Qxe3 c5 30.Bc2
Qe6 31.Qc1 Qa2 32.Qd1 Qb2 33.c4 f5 34.exf5 Bxf5 35.Qb1 Qxb1+ 36.Bxb1 Kf6 37.Kf1
Ke6 38.Ke2 d5 39.Ba2 dxc4 40.Bxc4+ Kd6 41.Ke3 Bd7 42.Bb3 Bc6 43.f3 h5 44.Bd1 h4
45.g4 Bd5 46.Bc2 Ke6 47.Bd1 Ba2 48.Bc2 Kd5 49.Bd1 c4 50.dxc4+ Bxc4 51.Bc2 Kd6
52.Bd3 Bb3 53.Bb5 Kd5 54.Kd3 Bd1 55.Ke3 Bc2 56.Kd2 Bg6 57.Ke3 Kc5 58.Bd7 Bc2
59.Kd2 Bb3 60.Bb5 Kd4 61.Bd7 Bc4 62.Ke1 Ke3 63.Bc6 Bd3 64.Bb7 e4 65.Bxe4 Bxe4
66.fxe4 Kxe4 67.Kf2 Kf4 68.Kg1 Kxg4 69.Kh2 Kf4 70.Kh3 Kf5 71.g3 Ke4 72.gxh4 gxh4
73.Kxh4 Kd4 74.Kg4 Kc4 75.Kf4 Kb4 76.Ke3 Kxa4 77.Kd2 Kb5

[Event "2. Bundesliga Ost 2009/2010"]
[Site "17+18.10Zwettl14+15.11Poechlarn"]
[Date "2009.11.14"]
[Round "3"]
[Board "2"]
[White "Kleiser, Gregor"]
[Black "Bozinovic, Boban"]
[Result "1-0"]
[WhiteElo "2313"]
[BlackElo "2104"]
[PlyCount "75"]
[EventDate "2009.10.17"]
[EventType "team"]
[EventRounds "11"]
[EventCountry "AUT"]
[WhiteTeam "SV Tschaturanga Neubau"]
[BlackTeam "ASVOE Pamhagen"]

1.d4 d5 2.c4 c6 3.Nf3 Nf6 4.e3 Bf5 5.Nc3 e6 6.Nh4 Bg4 7.f3 Bh5 8.g3 Be7 9.Qb3
Nfd7 10.Qxb7 Bxh4 11.Qxa8 Qc7 12.c5 Bxg3+ 13.hxg3 Qxg3+ 14.Kd2 Bxf3 15.Rh3 Qf2+
16.Be2 Bg4 17.Rh1 Qg2 18.Re1 h5 19.Qb7 Ke7 20.Kc2 h4 21.Bd2 Bf5+ 22.Kb3 Qg6
23.Rg1 Qh7 24.Raf1 Bd3 25.Bxd3 Qxd3 26.Qc7 h3 27.Qd6+ Ke8 28.Rf2 Rh7 29.a3 g6
30.Ka2 a5 31.Bc1 a4 32.Ka1 Kd8 33.e4 Qxd4 34.Rxg6 Kc8 35.Rg8+ Kb7 36.Bf4 Nxc5
37.Rxb8+ Ka6 38.Qxc6+

[Event "2. Bundesliga Ost 2009/2010"]
[Site "17+18.10Zwettl14+15.11Poechlarn"]
[Date "2009.11.14"]
[Round "3"]
[Board "4"]
[White "Ernst, Michael"]
[Black "Horvath, Maria"]
[Result "0-1"]
[WhiteElo "2166"]
[BlackElo "2001"]
[PlyCount "84"]
[EventDate "2009.10.17"]
[EventType "team"]
[EventRounds "11"]
[EventCountry "AUT"]
[WhiteTeam "SV Tschaturanga Neubau"]
[BlackTeam "ASVOE Pamhagen"]

1.d4 d5 2.c4 c6 3.Nf3 Nf6 4.e3 e6 5.Nbd2 Bd6 6.Bd3 Nbd7 7.O-O O-O 8.e4 dxe4
9.Nxe4 Nxe4 10.Bxe4 e5 11.dxe5 Nxe5 12.Nxe5 Bxe5 13.Bxh7+ Kxh7 14.Qh5+ Kg8
15.Qxe5 Re8 16.Qc3 Bf5 17.Bf4 Qd3 18.Qb4 b5 19.cxb5 Re4 20.Qd2 Qxb5 21.Be3 Re6
22.Rfc1 Be4 23.Rc5 Qb7 24.Rg5 Rg6 25.Rxg6 Bxg6 26.b4 Be4 27.f3 Bd5 28.a4 Re8
29.Bd4 Qe7 30.Bc5 Qe5 31.Bd4 Qe7 32.Bc5 Qe5 33.Qd4 Qg5 34.Kf2 Qg6 35.Rc1 Qh6
36.Ra1 Qh7 37.Rc1 Qh6 38.Rc3 Re6 39.Bxa7 Qxh2 40.Rc1 Rg6 41.Rg1 Qg3+ 42.Kf1 Re6

[Event "2. Bundesliga Ost 2009/2010"]
[Site "17+18.10Zwettl14+15.11Poechlarn"]
[Date "2009.11.14"]
[Round "3"]
[Board "5"]
[White "Schleischitz, Johannes"]
[Black "Ponjican, Erich"]
[Result "0-1"]
[WhiteElo "1945"]
[BlackElo "2170"]
[PlyCount "46"]
[EventDate "2009.10.17"]
[EventType "team"]
[EventRounds "11"]
[EventCountry "AUT"]
[WhiteTeam "ASVOE Pamhagen"]
[BlackTeam "SV Tschaturanga Neubau"]

1.e4 Nf6 2.Nc3 d5 3.e5 Nfd7 4.d4 e6 5.Nce2 c5 6.c3 Nc6 7.f4 cxd4 8.cxd4 Be7
9.Nf3 O-O 10.Ng3 f5 11.Bd3 b5 12.O-O Qb6 13.Be3 a5 14.Qe2 b4 15.b3 Ba6 16.Rfc1
a4 17.Bxa6 Rxa6 18.bxa4 Rxa4 19.Qc2 Ra6 20.Ne2 Rfa8 21.Nd2 Qb5 22.Nb3 Na5 23.Qd1
Nxb3

[Event "2. Bundesliga Ost 2009/2010"]
[Site "17+18.10Zwettl14+15.11Poechlarn"]
[Date "2009.11.14"]
[Round "3"]
[Board "6"]
[White "Petschar, Hans"]
[Black "Rusek, Walter"]
[Result "1-0"]
[WhiteElo "2086"]
[BlackElo "1849"]
[PlyCount "35"]
[EventDate "2009.10.17"]
[EventType "team"]
[EventRounds "11"]
[EventCountry "AUT"]
[WhiteTeam "SV Tschaturanga Neubau"]
[BlackTeam "ASVOE Pamhagen"]

1.c4 c6 2.Nf3 d5 3.e3 Nf6 4.Nc3 e6 5.d4 Be7 6.b3 O-O 7.Bd3 dxc4 8.bxc4 Nbd7
9.O-O c5 10.Qe2 b6 11.Bb2 Bb7 12.Ne5 Ne8 13.Rad1 cxd4 14.exd4 Ndf6 15.Bb1 Rc8
16.Rd3 Ba6 17.Rg3 Nh5 18.Qxh5